000 00674nam a2200289Ia 4500
005 20260324135743.0
008 008 260324s9999 xx 000 0 eng d
020 _a9781003117582
037 _aEBOOK
040 _aCRL
040 _beng
040 _cCRL
041 _2eng
041 _aeng
084 _qCRL
100 _aNick Mansfield
_91201784
245 0 _aSubjectivity
245 0 _bTheories of the self from Freud to Haraway
260 _bTaylor and Francis
260 _c2000
365 _a
365 _b220
856 _uhttp://www.taylorfrancis.com/books/9781003117582
942 _cEBOOK
999 _c1803196
_d1803196